Влияние некоторых типов токоогрниченных устройств на процесс сварки в среде СО2 короткой дугой; Прогрессивная технология сварки и резки металлов

Opis bibliograficzny
Parent link:Прогрессивная технология сварки и резки металлов.— 1979.— С. 80-94
1. autor: Сараев Ю. Н.
Kolejni autorzy: Тимошенко А. К.
Wydane: 1979
Hasła przedmiotowe:
Format: MixedMaterials Rozdział
KOHA link:https://koha.lib.tpu.ru/cgi-bin/koha/opac-detail.pl?biblionumber=593819

MARC

LEADER 00000naa0a2200000 4500
001 593819
005 20250609161402.0
035 |a (RuTPU)RU\TPU\tpu\7549 
035 |a TPU00000009 
090 |a 593819 
100 |a 20020118d1979 k||y0 y50 ca 
102 |a RU 
200 1 |a Влияние некоторых типов токоогрниченных устройств на процесс сварки в среде СО2 короткой дугой  |f Ю. Н. Сараев, А. К. Тимошенко 
463 |t Прогрессивная технология сварки и резки металлов  |v С. 80-94  |o межвузовский сборник  |d  1979 
610 1 |a сварка 
610 1 |a труды учёных ТПУ 
700 1 |a Сараев  |b Ю. Н. 
701 1 |a Тимошенко  |b А. К. 
801 0 |a RU  |b 63413507  |c 20020118  |g PSBO 
801 2 |a RU  |b 63413507  |c 20090601  |g PSBO 
850 |a 63413507 
942 |c BK